000 00264nam a2200097Ia 4500
001 723099
005 20250826163324.0
008 250824s9999 xx 000 0 und d
245 0 _aKALBİNİN SAHİBİNE EMANET OL
_cÖMER SEVİNÇGÜL
260 _bCARPE DİEM YAYINLARI
999 _c723099
_d723099